| 000 | 00476nam a2200169 a 4500 | ||
|---|---|---|---|
| 001 | 3066 | ||
| 005 | 20140414131916.0 | ||
| 008 | 060131s19uu xx 00 eng d | ||
| 020 | _a0-7445-4889-6 | ||
| 050 |
_aER _bIn2 1998 |
||
| 245 |
_aIncy, wincy spider : _cillustrated by Patrice Aggs. _band other action ryhmes / |
||
| 260 |
_aLondon : _bWlaker Books, _c1998. |
||
| 300 | _ap. : ill. ; cm. | ||
| 440 | _aReading Together | ||
| 650 |
_aRymes _xFiction. |
||
| 999 |
_c111498 _d111498 |
||